|
|
|
|
| LEADER |
01307nam a2200313 4500 |
| 001 |
740 |
| 003 |
BD-DhAAL |
| 005 |
20150415121941.0 |
| 008 |
150415s1974 mdu b 001 0 eng |
| 010 |
|
|
|a 73019350
|
| 020 |
|
|
|a 0801816009
|
| 020 |
|
|
|a 0801816017 (pbk.)
|
| 040 |
|
|
|a DLC
|c DLC
|d DLC
|d BD-DhAAL
|
| 050 |
0 |
0 |
|a LC5146
|b .C65 1974
|
| 082 |
0 |
0 |
|a 370.19/3
|
| 100 |
1 |
|
|a Coombs, Philip H.
|q (Philip Hall),
|d 1915-2006.
|9 10386
|
| 245 |
1 |
0 |
|a Attacking rural poverty;
|b how nonformal education can help
|c [by] Philip H. Coombs, with Manzoor Ahmed. A research report for the World Bank, prepared by the International Council for Educational Development. Edited by Barbara Baird Israel.
|
| 260 |
|
|
|a Baltimore,
|b Johns Hopkins University Press
|c [1974]
|
| 300 |
|
|
|a xvi, 292 p.
|c 23 cm.
|
| 504 |
|
|
|a Bibliography: p. 273-279.
|
| 541 |
|
|
|e 740
|
| 650 |
|
0 |
|a Education, Rural.
|9 10387
|
| 650 |
|
0 |
|a Agricultural education
|z Developing countries.
|9 10388
|
| 700 |
1 |
|
|a Ahmed, Manzoor,
|d 1940-
|e joint author.
|9 10389
|
| 710 |
2 |
|
|a World Bank.
|9 10390
|
| 710 |
2 |
|
|a International Council for Educational Development.
|9 10391
|
| 942 |
|
|
|2 ddc
|c BK
|
| 999 |
|
|
|c 34230
|d 34230
|
| 952 |
|
|
|0 0
|1 0
|2 ddc
|4 0
|6 370_193000000000000_COO
|7 0
|9 53444
|a SCL
|b SCL
|c GEN
|d 2015-04-15
|l 0
|o 370.193 COO
|p 3020000740
|r 2015-04-15
|t 1
|w 2015-04-15
|y BK
|